British Sports Stars By Surname - The Letter B (Photo Quiz) - Statistics

General Stats
  • This quiz has been taken 115 times
  • The average score is 11 of 20
Answer Stats
Picture Hint Answer % Correct
Born 1980 (Motor Racing) Jenson Button
91%
1946-2005 (Football) George Best
90%
Born in Jamaica 1963 (Football) John Barnes
84%
Born 1955 (Cricket) Ian Botham
72%
Born 1988 (Triathlon) Alistair Brownlee
70%
Born 1986 (Cricket) Stuart Broad
68%
1957-2018 (Darts) Eric Bristow
63%
Born 1956 Sue Barker
62%
Born 1961 (Boxing) Frank Bruno
60%
1929-2018 (Athletics) Roger Bannister
57%
Born 1952 (Rugby Union) Bill Beaumont
50%
Born 1969 (Athletics) Steve Backley
50%
1945-2007 (Football) Alan Ball
47%
Born in Hungary 1950 (Boxing) Joe Bugner
47%
Born 1968 (Cycling) Chris Boardman
43%
1930-2021 (Bowls) David Bryant
30%
1948-1970 (Athletics) Lillian Board
24%
Born 1941 (Squash) Jonah Barrington
22%
1945-2019 (Golf) Brian Barnes
18%
1937-1996 (Cycling) Beryl Burton
11%
No matching quizzes found
Score Distribution
Percent of People with Each Score
Percentile by Number Answered
Your Score History
You have not taken this quiz